书目信息 |
| 题名: |
PCR最新技术原理、方法及应用
|
|
| 作者: | 黄留玉 主编 | |
| 分册: | ||
| 出版信息: | 北京 化学工业出版社 2005 |
|
| 页数: | 412页 | |
| 开本: | 26cm | |
| 丛书名: | 生物实验室系列 | |
| 单 册: | ||
| 中图分类: | Q555 | |
| 科图分类: | ||
| 主题词: | 聚合酶--链式反应 , 聚合酶 , 链式反应 | |
| 电子资源: | ||
| ISBN: | 7-5025-6327-X | |
| 000 | 00916oam2 2200277 450 | |
| 001 | 012007391148 | |
| 005 | 20070525152047.62 | |
| 010 | @a7-5025-6327-X@dCNY60.00 | |
| 100 | @a20070517d2005 km y0chiy0120 ea | |
| 101 | 0 | @achi |
| 102 | @aCN@b110000 | |
| 105 | @aa z 001yy | |
| 106 | @ar | |
| 200 | 1 | @aPCR最新技术原理、方法及应用@APCR zui xin ji shu yuan li、fang fa ji ying yong@f黄留玉主编@Fhuang liu yu zhu bian |
| 210 | @a北京@c化学工业出版社@d2005 | |
| 215 | @a412页@c图@d26cm | |
| 225 | 2 | @a生物实验室系列 |
| 330 | @a本书收集了目前为止可以检索到的各种PCR方法,按照设计这些PCR方法的目的和应用进行归类,每类PCR方法都介绍其原理,重点突出具体操作步骤和应用示例等。 | |
| 461 | 0 | @12001 @a生物实验室系列 |
| 606 | 0 | @a聚合酶@x链式反应 |
| 606 | 0 | @a聚合酶 |
| 606 | 0 | @a链式反应 |
| 690 | @aQ555@v4 | |
| 701 | 0 | @a黄留玉@Ahuang liu yu@4主编 |
| 801 | 0 | @aCN@bRULIN@c20070525 |
| 905 | @dQ555@e138@s8 | |
| PCR最新技术原理、方法及应用/黄留玉主编.-北京:化学工业出版社,2005 |
| 412页:图;26cm.-(生物实验室系列) |
| ISBN 7-5025-6327-X:CNY60.00 |
| 本书收集了目前为止可以检索到的各种PCR方法,按照设计这些PCR方法的目的和应用进行归类,每类PCR方法都介绍其原理,重点突出具体操作步骤和应用示例等。 |
| ● |
| 相关链接 |
|
|
|
|
正题名:PCR最新技术原理、方法及应用
索取号:Q555/138
 
预约/预借
| 序号 | 登录号 | 条形码 | 馆藏地/架位号 | 状态 | 备注 |
| 1 | 0580741 | 205807411 | 第二样本阅览室/ [索取号:Q555/138] | 在馆 | |
| 2 | 0580742 | 205807420 | 第三借阅区/ [索取号:Q555/138] | 在馆 | |
| 3 | 0580743 | 205807439 | 第三借阅区/ [索取号:Q555/138] | 在馆 | |
| 4 | 0580744 | 205807448 | 第三借阅区/ [索取号:Q555/138] | 在馆 | |
| 5 | 0580745 | 205807457 | 第三借阅区/ [索取号:Q555/138] | 在馆 | |
| 6 | 0580746 | 205807466 | 第三借阅区/ [索取号:Q555/138] | 在馆 | |
| 7 | 0580747 | 205807475 | 第三借阅区/ [索取号:Q555/138] | 在馆 | |
| 8 | 0580748 | 205807484 | 第三借阅区/ [索取号:Q555/138] | 在馆 |